Normal view
MARC view
- Lyons, Kevin L.
Entry Personal Name
001 - CONTROL NUMBER
- control field: 111172
003 - CONTROL NUMBER IDENTIFIER
- control field: NUST
005 - DATE AND TIME OF LATEST TRANSACTION
- control field: 20230322163843.0
008 - FIXED-LENGTH DATA ELEMENTS
- fixed length control field: 230322|| aca||aabn | a|a d
040 ## - CATALOGING SOURCE
- Original cataloging agency: NUST
- Transcribing agency: NUST
100 ## - HEADING--PERSONAL NAME
- Personal name: Lyons, Kevin L.
670 ## - SOURCE DATA FOUND
- Source citation: Work cat.: (NUST)0: Lyons, Kevin L., author., A roadmap to green supply chains :
